Konsole sprzedane w ponad 100 tysiącach egzemplarzy - Statystyki

Ogólne statystyki
  • Ten quiz został rozwiązany 48 razy
  • Średni wynik to 20 z 47
Statystyki odpowiedzi
Producent Odpowiedź % Poprawnych
Sony PlayStation
89%
Sony PlayStation 2
86%
Sony PlayStation 3
86%
Sony PlayStation 4
86%
Sony PlayStation 5
86%
Microsoft Xbox
81%
Nintendo Switch
73%
Microsoft Xbox 360
73%
Microsoft Xbox One
70%
Microsoft Xbox Series
68%
Nintendo Game Boy
62%
Sony PlayStation Portable
62%
Nintendo NES / Famicom
54%
Nintendo Wii
54%
Nintendo 3DS
51%
Nintendo Game Boy Advance
51%
Nintendo Game Boy Color
51%
Nintendo SNES / Super Famicom
51%
Nintendo Wii U
51%
Atari 2600
46%
Nintendo DS
46%
Sega Genesis / Mega Drive
46%
Sega Saturn
46%
Sega Dreamcast
43%
Nintendo Game Cube
43%
Atari Jaguar
41%
Sony Vita
38%
Nintendo 64
35%
Nintendo Virtual Boy
35%
Atari 7800
32%
Sega Game Gear
30%
Sega Master System
30%
Atari 5200
27%
Atari Lynx
27%
Philips CDi
24%
Panasonic 3DO
22%
Sega SG 1000
22%
Coleco ColecoVision
19%
NEC TurboGrafx 16 / PC Engine
19%
Mattel IntelliVision
16%
Amiga CD32
14%
SNK Neo Geo
14%
Fairchild Channel F
11%
Atari XEGS
5%
Epoch CasetteVision
3%
NEC PCFX
3%
Epoch Super CasetteVision
3%
Nie znaleziono quizów pasujących do podanych kryteriów
Rozkład punktacji
Procent ludzi z każdym wynikiem
Percentyl według liczby udzielonych odpowiedzi
Twoja historia wyników
Nie rozwiązałeś tego quizu